[Event "Titled Tuesday intern op 30th June"]
[Site "Chess.com INT"]
[Date "2020.06.30"]
[Round "9"]
[White "Ramesh, Ramachandran B"]
[Black "Baches Garcia, Guillermo"]
[Result "1-0"]
[WhiteElo "2472"]
[BlackElo "2329"]
[PlyCount "81"]
[EventDate "2020.06.30"]
[EventType "swiss (blitz)"]
[EventRounds "10"]
[EventCountry "USA"]
[SourceTitle "CBM 197 Extra"]
[Source "ChessBase"]
[SourceDate "2020.09.30"]
[SourceVersion "1"]
[SourceVersionDate "2020.09.30"]
[SourceQuality "1"]

1. e4 c5 2. Nf3 d6 3. d4 cxd4 4. Nxd4 Nf6 5. Nc3 Nc6 6. Bg5 e6 7. Qd2 h6 8. Bxf6 gxf6 9. 0-0-0 a6 10. Kb1 Bd7 11. f4 Qb6 12. Nb3 0-0-0 13. f5 Be7 14. g3 h5 15. Qe1 Kb8 16. Bh3 a5 17. Rf1 Ne5 18. fxe6 fxe6 19. a4 Nc4 20. Rd4 Ne5 21. Nb5 Nc6 22. Rd1 Bc8 23. N3d4 Nxd4 24. Nxd4 d5 25. exd5 e5 26. Ne6 Rd6 27. Rf3 h4 28. gxh4 Qb4 29. Qxb4 axb4 30. Ng7 Bxh3 31. Rxh3 Ra6 32. Nf5 Bc5 33. h5 Rxa4 34. h6 Kc7 35. h7 Rha8 36. d6+ Kd7 37. c4 b3 38. Rxb3 Ke6 39. Ng7+ Kf7 40. Rxb7+ Kg6 41. Ne6 1-0

[Event "Titled Tuesday intern op 30th June"]
[Site "Chess.com INT"]
[Date "2020.06.30"]
[Round "1"]
[White "Ramesh, Ramachandran B"]
[Black "Haubro, Martin"]
[Result "1-0"]
[WhiteElo "2472"]
[BlackElo "2437"]
[PlyCount "95"]
[EventDate "2020.06.30"]
[EventType "swiss (blitz)"]
[EventRounds "10"]
[EventCountry "USA"]
[SourceTitle "CBM 197 Extra"]
[Source "ChessBase"]
[SourceDate "2020.09.30"]
[SourceVersion "1"]
[SourceVersionDate "2020.09.30"]
[SourceQuality "1"]

1. e4 e5 2. Nf3 Nc6 3. Bb5 a6 4. Ba4 Nf6 5. d3 Be7 6. Bxc6 bxc6 7. Nxe5 0-0 8. 0-0 Bb7 9. Nc3 d5 10. exd5 cxd5 11. d4 c5 12. Be3 c4 13. Ne2 Rc8 14. c3 Ne4 15. Ng3 f6 16. Nf3 f5 17. Ne2 g5 18. Ne5 f4 19. Bc1 Nd6 20. Kh1 Qe8 21. Ng1 Bf6 22. Re1 Rc7 23. Ng4 Qg6 24. Nf3 Ne4 25. Kg1 Bc8 26. Nfe5 Bxe5 27. Nxe5 Qf5 28. f3 Nd6 29. Bd2 h5 30. Qb1 Rg7 31. Qxf5 Bxf5 32. h3 g4 33. hxg4 hxg4 34. Bxf4 gxf3 35. Nxf3 Ne4 36. Bh6 Rff7 37. Bxg7 Rxg7 38. Nh4 Bh3 39. Re3 Bg4 40. Rf1 Rh7 41. Nf5 Nd2 42. Rf4 Bh5 43. Rg3+ Kh8 44. Nd6 Re7 45. Rf8+ Kh7 46. Nf5 Re1+ 47. Kh2 Ne4 48. Rg7# 1-0

[Event "Titled Tuesday intern op 30th June"]
[Site "Chess.com INT"]
[Date "2020.06.30"]
[Round "10"]
[White "Yakimova, Mariya"]
[Black "Ramesh, Ramachandran B"]
[Result "0-1"]
[WhiteElo "2269"]
[BlackElo "2472"]
[PlyCount "102"]
[EventDate "2020.06.30"]
[EventType "swiss (blitz)"]
[EventRounds "10"]
[EventCountry "USA"]
[SourceTitle "CBM 197 Extra"]
[Source "ChessBase"]
[SourceDate "2020.09.30"]
[SourceVersion "1"]
[SourceVersionDate "2020.09.30"]
[SourceQuality "1"]

1. d4 Nf6 2. c4 e6 3. g3 d5 4. Nf3 Bb4+ 5. Bd2 Bd6 6. Bg2 0-0 7. 0-0 c6 8. b3 Nbd7 9. Qc2 Qe7 10. Nc3 dxc4 11. bxc4 e5 12. d5 cxd5 13. cxd5 Nb6 14. e4 Bd7 15. Qb3 Rfc8 16. Rfc1 Nc4 17. Bg5 Ba3 18. Rc2 Na5 19. Qb1 h6 20. Bxf6 Qxf6 21. Ne2 Rxc2 22. Qxc2 Rc8 23. Qd3 Qd6 24. Rb1 b5 25. Nxe5 Be8 26. Nf3 Nc4 27. Nfd4 a6 28. h4 Bc5 29. Nf5 Qe5 30. Ned4 h5 31. Kh2 g6 32. f4 Qh8 33. Nb3 gxf5 34. Nxc5 Rxc5 35. d6 fxe4 36. Bxe4 Bd7 37. Bd5 Qf6 38. Bb7 Nxd6 39. Bxa6 Bf5 40. Qe3 Rc2+ 41. Kg1 Be4 42. Rd1 Rg2+ 43. Kf1 Qg6 44. Rd4 Rxg3 45. Qf2 Nc4 46. Rd8+ Kh7 47. Qd4 Rf3+ 48. Ke1 Qg3+ 49. Ke2 Re3+ 50. Kd1 Rd3+ 51. Kc2 Rxd4+ 0-1

[Event "Doeberl Cup 53rd"]
[Site "Canberra"]
[Date "2015.04.05"]
[Round "8"]
[White "Tan, Justin Hy"]
[Black "Ramesh, Ramachandran B"]
[Result "1/2-1/2"]
[WhiteElo "2407"]
[BlackElo "2472"]
[PlyCount "108"]
[EventDate "2015.04.02"]
[EventType "swiss"]
[EventRounds "9"]
[EventCountry "AUS"]
[SourceTitle "CBM 165 Extra"]
[Source "ChessBase"]
[SourceDate "2015.04.21"]
[SourceVersion "1"]
[SourceVersionDate "2015.04.21"]
[SourceQuality "1"]

1. e4 e5 2. Nf3 Nc6 3. Bb5 a6 4. Ba4 Nf6 5. 0-0 b5 6. Bb3 Bb7 7. d3 Bd6 8. a3 h6 9. Nc3 0-0 10. Ne2 Re8 11. Ng3 Bf8 12. Re1 d5 13. Bd2 dxe4 14. dxe4 Nd4 15. Nxd4 exd4 16. e5 Nd5 17. Qg4 c5 18. Nh5 Qc8 19. Qg3 Kh8 20. Bxh6 gxh6 21. Bxd5 Bxd5 22. Nf6 Bg7 23. Nxd5 Qc6 24. Nf4 Rxe5 25. Rxe5 Bxe5 26. Ng6+ fxg6 27. Qxe5+ Kg8 28. Re1 Rd8 29. Qe7 Rd6 30. h3 c4 31. Qa7 Rd8 32. Re7 Qf6 33. Qc7 Rf8 34. f3 d3 35. cxd3 cxd3 36. Qd7 Qxb2 37. Qe6+ Kh8 38. Qxg6 Qc1+ 39. Kh2 Qf4+ 40. Kg1 Qc1+ 41. Kf2 Qc5+ 42. Re3 d2 43. Qxh6+ Kg8 44. Qg6+ Kh8 45. Qh6+ Kg8 46. Ke2 Qd5 47. Qg6+ Kh8 48. Qh6+ Kg8 49. Qg6+ Kh8 50. Rd3 Qe5+ 51. Kxd2 Re8 52. Qh6+ Kg8 53. Qg6+ Kh8 54. Qh6+ Kg8 1/2-1/2

[Event "Doeberl Cup 53rd"]
[Site "Canberra"]
[Date "2015.04.04"]
[Round "5"]
[White "Johansen, Darryl Keith"]
[Black "Ramesh, Ramachandran B"]
[Result "1/2-1/2"]
[WhiteElo "2409"]
[BlackElo "2472"]
[PlyCount "61"]
[EventDate "2015.04.02"]
[EventType "swiss"]
[EventRounds "9"]
[EventCountry "AUS"]
[SourceTitle "CBM 165 Extra"]
[Source "ChessBase"]
[SourceDate "2015.04.21"]
[SourceVersion "1"]
[SourceVersionDate "2015.04.21"]
[SourceQuality "1"]

1. c4 e5 2. Nc3 Nf6 3. Nf3 Nc6 4. e3 Bb4 5. Qc2 0-0 6. Nd5 Re8 7. Qf5 d6 8. Nxf6+ Qxf6 9. Qxf6 gxf6 10. a3 Bc5 11. b4 Bb6 12. Bb2 a5 13. b5 Ne7 14. Be2 c6 15. bxc6 bxc6 16. d4 a4 17. 0-0-0 e4 18. Nd2 d5 19. c5 Bc7 20. Bc3 f5 21. g3 Ba6 22. Bxa6 Rxa6 23. Kc2 Ng6 24. Rb1 Nf8 25. Rb7 Ne6 26. Kd1 Kg7 27. Ke2 Kg6 28. Rhb1 Rc8 29. f4 h5 30. h4 Nd8 31. R7b2 1/2-1/2

[Event "Doeberl Cup 53rd"]
[Site "Canberra"]
[Date "2015.04.02"]
[Round "1"]
[White "Ramaswamy, Aarthie"]
[Black "Ramesh, Ramachandran B"]
[Result "1/2-1/2"]
[WhiteElo "2042"]
[BlackElo "2472"]
[PlyCount "86"]
[EventDate "2015.04.02"]
[EventType "swiss"]
[EventRounds "9"]
[EventCountry "AUS"]
[SourceTitle "CBM 165 Extra"]
[Source "ChessBase"]
[SourceDate "2015.04.21"]
[SourceVersion "1"]
[SourceVersionDate "2015.04.21"]
[SourceQuality "1"]

1. e4 c5 2. Nf3 e6 3. d4 cxd4 4. Nxd4 a6 5. Bd3 Bc5 6. Nb3 Be7 7. Nc3 d6 8. 0-0 Nf6 9. Be3 Nbd7 10. a4 b6 11. f4 Bb7 12. Qf3 0-0 13. Rae1 Nc5 14. Bd4 d5 15. e5 Nfd7 16. Bxh7+ Kxh7 17. Qh5+ Kg8 18. Re3 f5 19. Rh3 Nxb3 20. cxb3 Bc5 21. Ne2 Nf6 22. exf6 Qxf6 23. Rd1 Rac8 24. Kh1 Bxd4 25. Nxd4 Rc7 26. Nf3 Rfc8 27. Ne5 Qh6 28. Qxh6 gxh6 29. Rxh6 Rc1 30. Rg1 d4 31. Rxe6 Be4 32. h4 R8c2 33. Rxc1 Rxc1+ 34. Kh2 Rc2 35. Rxb6 Rxg2+ 36. Kh3 Rxb2 37. h5 Kh7 38. Kh4 d3 39. Rd6 Rh2+ 40. Kg5 Rg2+ 41. Kh4 a5 42. Nxd3 Rg4+ 43. Kh3 Bxd3 1/2-1/2

[Event "Doeberl Cup 53rd"]
[Site "Canberra"]
[Date "2015.04.02"]
[Round "2"]
[White "Ramesh, Ramachandran B"]
[Black "Hain, Anthony"]
[Result "1-0"]
[WhiteElo "2472"]
[BlackElo "1899"]
[PlyCount "85"]
[EventDate "2015.04.02"]
[EventType "swiss"]
[EventRounds "9"]
[EventCountry "AUS"]
[SourceTitle "EXT 2018"]
[Source "ChessBase"]
[SourceDate "2017.10.13"]
[SourceVersion "1"]
[SourceVersionDate "2017.10.13"]
[SourceQuality "1"]

1. e4 c5 2. Nf3 d6 3. d4 cxd4 4. Nxd4 Nf6 5. Nc3 a6 6. h3 e5 7. Nde2 Be6 8. g4 h6 9. Bg2 Nbd7 10. 0-0 Rc8 11. Ng3 Rxc3 12. bxc3 Qc7 13. Ba3 Nb6 14. Nf5 Nc4 15. Bc1 g6 16. Ne3 Nb6 17. a4 Qxc3 18. Rb1 Qc7 19. f4 exf4 20. Rxf4 Nfd7 21. Qd4 Rg8 22. a5 Nc8 23. Qb4 Nc5 24. Bb2 Ne7 25. Nd5 Bxd5 26. exd5 g5 27. Rf2 Bg7 28. Bxg7 Rxg7 29. Qc3 Kf8 30. Re1 Ng6 31. Rfe2 Ne5 32. Rxe5 dxe5 33. Rxe5 Qd6 34. Qe3 Rg6 35. Re8+ Kg7 36. Rc8 Nd7 37. Qe8 Nf8 38. c4 Qa3 39. c5 Qc1+ 40. Bf1 Kf6 41. Rc7 Rg7 42. Qe7+ Kg6 43. Qe4+ 1-0

[Event "Chennai op 2nd"]
[Site "Chennai"]
[Date "2010.01.30"]
[Round "7"]
[White "Ramesh, Ramachandran B"]
[Black "Girinath, PDS"]
[Result "1-0"]
[WhiteElo "2482"]
[BlackElo "2370"]
[PlyCount "108"]
[EventDate "2010.01.25"]
[EventType "swiss"]
[EventRounds "11"]
[EventCountry "IND"]
[SourceTitle "CBM 134 Extra"]
[Source "ChessBase"]
[SourceDate "2010.03.03"]
[SourceVersion "1"]
[SourceVersionDate "2010.03.03"]
[SourceQuality "1"]

1. e4 e6 2. d4 d5 3. Nd2 Nc6 4. Ngf3 Nf6 5. e5 Nd7 6. Bd3 f6 7. Ng5 Ndxe5 8. dxe5 fxg5 9. Qh5+ g6 10. Bxg6+ Kd7 11. Bd3 Nxe5 12. h4 Qe8 13. Qe2 Nxd3+ 14. cxd3 e5 15. b3 g4 16. Bb2 h5 17. Bxe5 Rh6 18. d4 Bd6 19. f4 Kd8 20. Nf1 g3 21. Nxg3 Qg6 22. Qe3 Bf5 23. 0-0 Kd7 24. Bxd6 cxd6 25. Rfe1 Rh7 26. Nxf5 Qxf5 27. Rac1 Rg8 28. Re2 Rhg7 29. Qc3 Kd8 30. Rcc2 Rf8 31. Qa5+ b6 32. Qc3 Qd7 33. Qf3 Rf5 34. g3 Rg4 35. Kf2 Qg7 36. Qe3 Qd7 37. Qe6 Rg7 38. Qh6 Re7 39. Qh8+ Qe8 40. Qxe8+ Kxe8 41. Rxe7+ Kxe7 42. Rc7+ Ke6 43. Rxa7 Rf8 44. Rh7 Kf5 45. Kf3 Rc8 46. Rxh5+ Ke6 47. Rh6+ Ke7 48. Rh7+ Ke6 49. Rb7 Rc3+ 50. Kg4 Rd3 51. h5 Rxd4 52. Kg5 Rd3 53. f5+ Ke5 54. Re7+ Kd4 1-0

[Event "Chennai op 2nd"]
[Site "Chennai"]
[Date "2010.01.26"]
[Round "3"]
[White "Ramesh, Ramachandran B"]
[Black "Deshmukh, Anup"]
[Result "0-1"]
[WhiteElo "2482"]
[BlackElo "2271"]
[PlyCount "84"]
[EventDate "2010.01.25"]
[EventType "swiss"]
[EventRounds "11"]
[EventCountry "IND"]
[SourceTitle "CBM 134 Extra"]
[Source "ChessBase"]
[SourceDate "2010.03.03"]
[SourceVersion "1"]
[SourceVersionDate "2010.03.03"]
[SourceQuality "1"]

1. e4 c5 2. Nf3 d6 3. d4 cxd4 4. Nxd4 Nf6 5. Nc3 a6 6. Be3 e5 7. Nf3 h6 8. Bc4 Be7 9. 0-0 0-0 10. Qe2 Qc7 11. Rfd1 Be6 12. Bb3 Nbd7 13. Nh4 Rfe8 14. Nf5 Bf8 15. Qf3 Kh7 16. Qh3 Nc5 17. Bxc5 dxc5 18. Bxe6 fxe6 19. Ne3 c4 20. Ng4 Nxg4 21. Qxg4 Bc5 22. Rd2 Re7 23. Rf1 b5 24. g3 Qa5 25. a3 Bxa3 26. Ra1 Qb4 27. Rxa3 Qxb2 28. Nxb5 Qxb5 29. c3 a5 30. h4 Qb1+ 31. Kg2 Qc1 32. Rda2 Rb8 33. Ra1 Qc2 34. R1a2 Rb2 35. Rxb2 Qxb2 36. Rxa5 Rf7 37. Kh3 Rxf2 38. Qd1 Rh2+ 39. Kg4 Qxc3 40. Ra7 h5+ 41. Kxh5 Qxg3 42. Qg4 Rxh4+ 0-1

[Event "Biel MTO op 41st"]
[Site "Biel"]
[Date "2008.07.26"]
[Round "6"]
[White "Ramesh, Ramachandran B"]
[Black "Kovacevic, Aleksandar"]
[Result "1/2-1/2"]
[WhiteElo "2478"]
[BlackElo "2585"]
[PlyCount "85"]
[EventDate "2008.07.21"]
[EventType "swiss"]
[EventRounds "11"]
[EventCountry "SUI"]
[SourceTitle "CBM 125 Extra"]
[Source "ChessBase"]
[SourceDate "2008.09.01"]
[SourceVersion "1"]
[SourceVersionDate "2008.09.01"]
[SourceQuality "1"]

1. e4 c5 2. Nf3 d6 3. d4 cxd4 4. Nxd4 Nf6 5. Nc3 a6 6. Be3 e5 7. Nf3 Be7 8. Bc4 0-0 9. 0-0 Qc7 10. Bb3 Be6 11. Qe2 Rc8 12. Nh4 Nxe4 13. Bxe6 Nxc3 14. Bxf7+ Kxf7 15. bxc3 Bxh4 16. Qh5+ Kg8 17. Qxh4 Qxc3 18. Qe7 Nc6 19. Qxd6 Qxc2 20. Rab1 b5 21. Qd5+ Kh8 22. Rbc1 Qg6 23. Qd7 Qf6 24. Rc5 Ne7 25. Rfc1 Rd8 26. Qb7 h6 27. Qe4 Rac8 28. g4 Rxc5 29. Rxc5 Ng6 30. Rc6 Nh4 31. Kf1 Rd6 32. Rc8+ Rd8 33. Rc6 Qe7 34. Rxa6 Qd7 35. f3 Rf8 36. Ra8 Rxa8 37. Qxa8+ Kh7 38. Qe4+ Kg8 39. Ke2 Qe6 40. Qa8+ Kh7 41. Qe4+ Kg8 42. Qa8+ Kh7 43. Qe4+ 1/2-1/2